000 00241nam a2200097Ia 4500
008 170619s9999 xx 000 0 und d
100 _aHiraskar- G.K
245 4 _aThe Great Ages of World Architecture
260 _bDhanpat Rai Pub.
260 _c2000
546 _aENGLISH
999 _c20935
_d20935